| 000 | 00481cam a2200193ua 4500 | ||
|---|---|---|---|
| 001 | 5711 | ||
| 005 | 20260515113927.0 | ||
| 008 | 131008n ii |||gr||||Z||||||eng | ||
| 020 | _a81-7022-224-9 | ||
| 040 | _cMAIN | ||
| 082 | _a954.162 | ||
| 100 | 1 |
_aBose,M.L, _eAuthor. |
|
| 245 |
_aSocial History of Assam _cby M.L.Bose |
||
| 260 |
_aNew Delhi: _bConcept Publishing Company, _c2003. |
||
| 300 | _a110p. | ||
| 653 | _aHistory | ||
| 653 | _aSocial History Of Assam | ||
| 942 | _cBK | ||
| 999 |
_c4866 _d4866 |
||